000 00353 a2200157 4500
001 74812
020 _a9788581930770
040 _cAnchieta - Colégio São Paulo
100 _aAndrade, Gênese
240 1 0 _aVicente do Rego Monteiro
_lpor
245 1 0 _aVicente do Rego Monteiro
300 _a93
362 0 _a2013
650 4 _aPintura
942 _cBK
999 _c74812
_d74812